Statistics for Buzzcut Season - Lorde (All lyrics)

Click here to take the quiz!

General Stats

  • This quiz has been taken 90 times
  • The average score is 216 of 289

Answer Stats

Answer% Correct
(I
100%
I
100%
It
100%
it
100%
a
98%
buzzcut
97%
you
97%
you.
97%
And
95%
and
95%
(And
95%
it’s
95%
It’s
95%
season
95%
the
93%
The
93%
we
93%
We
93%
(We
93%
when
93%
in
92%
in)
92%
in.
92%
anyway.
90%
your
90%
on
89%
remember
89%
go
87%
head
87%
with
87%
flame;
85%
flame)
85%
is
85%
live
84%
Where
84%
where
84%
caught
82%
all
79%
dream.
79%
everything
79%
good.
79%
home
79%
again.
77%
baby,
77%
But
77%
I’ll
77%
never
77%
TV,
77%
TV
77%
hologram
75%
inside
75%
okay.
75%
okay)
75%
that
75%
laughed,
74%
(Well,
74%
Well,
74%
brain.
72%
caressed
72%
girls
72%
kissed
72%
be
70%
bus
70%
do
70%
Explosions
70%
nothing’s
70%
scalp
70%
So
70%
so
70%
this
70%
fun.
69%
heads
69%
now
69%
our
69%
ride
69%
things
69%
for
67%
pool
67%
pool,
67%
friend.
66%
beside
64%
They
64%
knees
62%
living.
62%
to.
62%
to
62%
Play
61%
true)
61%
us.
61%
us
61%
we’re
61%
We’re
61%
easy
59%
how
59%
men
59%
news,
59%
pulled
59%
see
59%
will
59%
tell
57%
my
56%
People
56%
real)
56%
up
56%
wrong,
56%
blue,
54%
feel
54%
lose,
54%
(Place
54%
should
54%
song
54%
try
54%
along.
52%
call,
49%
hyper
49%
Favourite
48%
plays)
48%
plays.
48%
sweet
48%
has
46%
Shut
46%
(Shut
46%
Sometimes
46%
eyes
44%
taste.
44%
hot,
39%
start)
39%
I’m
38%
(Make-believe
36%
of
34%
goes)
33%
breathe,
30%
fears
30%
one
30%
enough
26%
There’ll
25%
Cola
21%
burnt-out
20%

Score Distribution

Percentile by Number Answered

Percent of People with Each Score

Your Score History

You have not taken this quiz